000 00696nam a2200217Ia 4500
001 17871
003 GE_BSU
008 181216s||||||||xx |||||||||||||| ||und||
040 _cGE_BSU
080 _a621.793
100 _aХаймович,Я.М.
245 _aТехнология металлов. Часть 2. Обработка металлов резанием и станки.
245 _cПод ред. Л.Е.Левинсона. Ред. А.А. Амитина.
260 _aМ.
260 _bСоветская наука.
260 _c1941.
300 _a559 стр. с илл. 26 см.
300 _eТабл.
653 _aТехнология металлов.
942 _cBK
999 _c50916
_d50916